| 000 | 01175cab a22002055a 4500 | ||
|---|---|---|---|
| 001 | L155286 | ||
| 008 | 120314e2012 xxk 000 0 eng d | ||
| 035 | _a(Sirsi) u155286 | ||
| 041 | 0 | _aeng | |
| 100 | 1 | _aEade, Christine | |
| 245 | 0 | 0 |
_aMarkets _bEast Midlands and Lincolnshire |
| 260 | _c2012 | ||
| 490 | 0 |
_aProperty Week _v78(10) 9 March 2012, 57-66(5) |
|
| 520 | _aNottingham's office and industrial property occupiers wary of workplace parking levy being introduced on 1 April 2012. Capital Shopping Centres awaits decision to refer or not its ownership of its 1.5m sq ft Broadmarsh shopping centre to the Competition Commission. Law firms are entering the Nottingham office market, taking over space vacated by a diminishing government presence. Leicester's Watermead Business Park will sign tenant to all-in rent at building designed to incorporate Passivhaus energy saving criteria. Consent given for new 75 348 sq ft Carlsberg brewery in Northampton. Siemens consolidates gas turbine overhaul facilities at Lincoln's Teal Park. | ||
| 590 | _aKA | ||
| 651 | 4 | _aLincolnshire | |
| 651 | 4 | _aEast Midlands | |
| 690 |
_aCommercial property _96227 |
||
| 942 | _n0 | ||
| 999 |
_c83846 _d83846 |
||